A 25 años de la reforma constitucional de 1994 /
Guardado en:
| Otros Autores: | |
|---|---|
| Formato: | Libro |
| Idioma: | Undetermined |
| Publicado: |
Buenos Aires :
La Ley,
2019.
|
| Edición: | 1a. ed. |
| Materias: | |
| Etiquetas: |
Agregar Etiqueta
Sin Etiquetas, Sea el primero en etiquetar este registro!
|
| LEADER | 00664nam a22001935a 4500 | ||
|---|---|---|---|
| 001 | DER.der015008 | ||
| 008 | 240702s2019####ag############000#0#und#d | ||
| 005 | 20240702124410.0 | ||
| 245 | 1 | 0 | |a A 25 años de la reforma constitucional de 1994 / |c dirigido por María Angélica Gelli ; editor responsable Nicolás R. Acerbi. |
| 250 | |a 1a. ed. | ||
| 260 | |a Buenos Aires : |b La Ley, |c 2019. | ||
| 300 | |a 449 p. | ||
| 500 | |a Suplemento Especial. | ||
| 020 | |a 9789870338635 | ||
| 100 | 1 | |a Gelli, María Angélica, |e dir. | |
| 700 | 1 | |a Acerbi, Nicolás R., |e edi. | |
| 650 | 7 | |a DERECHO CONSTITUCIONAL | |
| 650 | 7 | |a REFORMA CONSTITUCIONAL | |
| 859 | |a DERECHO |b BIB. DERECHO |h 342 |i REF |p 0010448 | ||
